Practical Chinese Dialogue II. Book I

Uloženo v:
Podrobná bibliografie
Korporativní autor: National Taiwan Normal University
Médium: Kniha
Jazyk:Undetermined
Vydáno: Taiwan, China National Taiwan Normal University, Mandarin Training Center 1988
Témata:
Tagy: Přidat tag
Žádné tagy, Buďte první, kdo vytvoří štítek k tomuto záznamu!

MARC

LEADER 00000nam a2200000Ia 4500
008 170316s9999 xx 000 0 und d
090 |a 415-CH N-3p v.2 
110 |a National Taiwan Normal University 
245 |a Practical Chinese Dialogue II. Book I 
260 |a Taiwan, China 
260 |b National Taiwan Normal University, Mandarin Training Center 
260 |c 1988 
300 |a 519 páginas 
650 |a GRAMÁTICA CHINA 
650 |a ENSEÑANZA DEL IDIOMA CHINO - MANDARIN 
999 |c 18890  |d 18890 
040 |a cru BVZT 
942 |c 15 D  |h 415-CH N-3p v.2  |2 z